000 00644nam a2200169Ia 4500
008 090711s9999 xx 000 0 und d
082 _b36852
100 _aबोरकर लक्ष्मीदास
245 _aखुनी नंदकिशोरी आणि इतर कथा
260 _c1977
300 _a199
600 _aबोरकर लक्ष्मीदास
630 _aखुनी नंदकिशोरी आणि इतर कथा
700 _aबोरकर लक्ष्मीदास
730 _aखुनी नंदकिशोरी आणि इतर कथा
942 _cBOOK
999 _c305035
_d305035